| 000 | 00992cam a2200301 a 4500 | ||
|---|---|---|---|
| 999 |
_c330528 _d330528 |
||
| 001 | 1650483 | ||
| 003 | NUST | ||
| 005 | 20170719100653.0 | ||
| 008 | 961121s1996 pk 000 0 urdo | ||
| 010 | _a 96930174 | ||
| 025 | _aP-U-96930174; 06 | ||
| 040 |
_aDLC _cDLC _dDLC |
||
| 042 | _alcode | ||
| 043 | _aa-pk--- | ||
| 050 | 0 | 0 |
_aDS384 _b.Q268 1996 |
| 082 |
_a891.4397 _bQAS |
||
| 100 | 1 |
_aQāsmī, ʻAt̤āʼulḥaq. _91461 |
|
| 245 | 1 | 0 |
_aDhaul dhappā / _cʻAt̤āʼulḥaq Qāsmī. |
| 260 |
_aLāhore : _bNasta'aleq matboat, _c2012. |
||
| 300 |
_a336 p. ; _c22 cm. |
||
| 520 | _aSatirical articles on various sociopolitical topics. | ||
| 546 | _aIn Urdu | ||
| 650 | 0 |
_aPakistani wit and humor. _93425 |
|
| 651 | 0 |
_aPakistan _xPolitics and government _xHumor. _93426 |
|
| 651 | 0 |
_aPakistan _xSocial life and customs _xHumor. _93427 |
|
| 880 |
_6100-01\(3\r _aعطاء الحق قاسمی |
||
| 880 |
_6245-02\(3\r _aدھول دھپا _cعطاء الحق قاسمی |
||
| 880 |
_6260-03\(3\r _aلاہور: _bنستعلیق مطبوعات، _c2012 |
||
| 906 |
_a7 _bcbc _corigode _d3 _encip _f19 _gy-gencatlg |
||
| 942 |
_2ddc _cBK |
||